Crowds of souls: (Record no. 9020)

000 -LEADER
fixed length control field 00592nam a2200193 a 4500
001 - CONTROL NUMBER
control field :::00006801$&:&@@
003 - CONTROL NUMBER IDENTIFIER
control field OkBaRHE
005 - DATE AND TIME OF LATEST TRANSACTION
control field 20000607103333.0
008 - FIXED-LENGTH DATA ELEMENTS--GENERAL INFORMATION
fixed length control field s1926 j 000 0 eng u
040 ## - CATALOGING SOURCE
Transcribing agency
100 1# - MAIN ENTRY--PERSONAL NAME
Personal name Wunder, Clinton.
245 10 - TITLE STATEMENT
Title Crowds of souls:
Remainder of title for the church and the Kingdom.
260 ## - PUBLICATION, DISTRIBUTION, ETC. (IMPRINT)
Place of publication, distribution, etc New York, NY., :
Name of publisher, distributor, etc Fleming H. Revell Company
Date of publication, distribution, etc c1926
300 ## - PHYSICAL DESCRIPTION
Extent 183 p. : illus. ;
Dimensions 20 cm.
650 ## - SUBJECT ADDED ENTRY--TOPICAL TERM
Topical term or geographic name as entry element Church
650 ## - SUBJECT ADDED ENTRY--TOPICAL TERM
Topical term or geographic name as entry element Church Work
942 ## - ADDED ENTRY ELEMENTS (KOHA)
Source of classification or shelving scheme
Koha item type Books
Copies
Barcode Permanent Location Date checked out Date acquired Lost status Damaged status Source of classification or shelving scheme Copy number Withdrawn status Full call number Date last seen Total Checkouts Price effective from Current Location Koha item type Not for loan Shelving location
6801RHEMA Bible Training College2019-10-302010-04-14   1 BV 600 .W7742019-10-3012010-04-14RHEMA Bible Training CollegeBooks General Stacks